| 000 | 00711nam a2200193Ii 4500 | ||
|---|---|---|---|
| 003 | JO-AjNU | ||
| 008 | 230605s9999||||xx |||||||||||||| ||und|| | ||
| 040 |
_aJO-AjNU _bara _erda _cJO-AjNU |
||
| 041 | _aara | ||
| 050 | 1 | 4 | _aBF56 .I7 |
| 100 | 3 |
_aعيسوي، عبد الرحمن محمد, _eauthor _939669 |
|
| 245 | 0 | 0 | _aعلم النفس والانتاج |
| 264 | 3 | 1 | _aالاسكندرية:مؤسسة شباب الجامعة ،د.ت |
| 300 |
_a395ص _bقاموس المصطلحات العربية-الانجليزية من ص343-ص378 |
||
| 336 |
_atext _btxt _2rdacontent |
||
| 337 |
_aunmediated _bn _2rdamedia |
||
| 338 |
_avolume _bnc _2rdacarrier |
||
| 650 | 4 |
_aعلم نفس صناعي-انتاج _939670 |
|
| 999 |
_aA16773 _c20341 _d20341 |
||